000 00361 a2200145 4500
001 170161
020 _a
040 _cMagnum
100 _aFormosinho, Julia Oliveira (Org.)
240 1 0 _aModelos curriculares para educacao na infancia
_lpor
245 1 0 _aModelos curriculares para educacao na infancia
362 0 _a1899
697 _aENSINO
942 _cBK
999 _c170161
_d170161